000
00269nam a22001217a 4500
008
170131b xxu||||| |||| 00| 0 eng d
041
_a
eng
080
_2
1ST
_a
618.2
100
_a
2
101
_a
INF
245
_a
NCLEX-RN CONTENT REVIEW GUIDE
_c
KAPLAN
942
_2
udc
_c
BK
999
_c
4115
_d
4115